Prefactibilidad técnica y financiera de una micro cervecería de cerveza artesanal
Đã lưu trong:
| Tác giả chính: | |
|---|---|
| Định dạng: | Sách |
| Ngôn ngữ: | Spanish |
| Được phát hành: |
San José, Costa Rica
2018
|
| Những chủ đề: | |
| Các nhãn: |
Thêm thẻ
Không có thẻ, Là người đầu tiên thẻ bản ghi này!
|
MARC
| LEADER | 00000nam a22000007a 4500 | ||
|---|---|---|---|
| 003 | 012946 | ||
| 005 | 20221231144400.0 | ||
| 008 | 181026b2018 cr a|||| ||m| 00| ||spa d | ||
| 040 | |c cru CEDI | ||
| 090 | |a TFG 8097 | ||
| 100 | |9 14405 |a Alpízar Quirós, Jefferson | ||
| 245 | |a Prefactibilidad técnica y financiera de una micro cervecería de cerveza artesanal | ||
| 260 | |a San José, Costa Rica |c 2018 | ||
| 300 | |a xvii, 193[1] hojas : ilustraciones | ||
| 500 | |a Proyecto de graduación(licenciatura en ingeniería química)--Universidad de Costa Rica. Facultad de Ingeniería. Escuela de Ingeniería Química | ||
| 650 | |x ESTUDIOS DE FACTIBILIDAD |x ANALISIS FINANCIERO |x CERVEZA - INDUSTRIA Y COMERCIO |x COMPORTAMIENTO DEL CONSUMIDOR |x CERVEZA |x CERVEZA - PRODUCCION |x CERVEZA - FABRICACION |x INDUSTRIA CERVECERA |x PLANIFICACION EMPRESARIAL |x COMPETENCIA ECONOMICA |x PLANIFICACION ESTRATEGICA |9 14406 | ||
| 942 | |c TFG | ||
| 999 | |c 21038 |d 21038 | ||
